| 000 | 00415nam a22001697a 4500 | ||
|---|---|---|---|
| 999 |
_c524082 _d524082 |
||
| 003 | NUST | ||
| 020 | _c(Hbk) | ||
| 038 | _aShaban | ||
| 082 |
_a891.421 _bCHA |
||
| 100 |
_aChahaal, Arshid _914906 |
||
| 245 |
_awraag / _cArshid Chahaal |
||
| 260 |
_aIslamabad -: _bDosat Publications, _c1994. |
||
| 300 | _a140 p. ; | ||
| 880 |
_6100-02\r _aارشد چہال |
||
| 880 |
_6245-02\r _aوراگ / |
||
| 942 |
_2ddc _cBK |
||